000 00701nam a22002177a 4500
003 UA-OsUOA
001 62540
007 ta
008 20090902b un ||||| |||| 00| 0 ukr d
090 _a94(100)
_bВ84
942 _cBK
040 _aUA-OsUOA
_brus
_cUA-OsUOA
_dUA-OsUOA
245 _aВсеобщая история
_bРекомендательный библиографический указатель. Древний мир. Средние века
_cКаменецкий Б. А.
300 _a93 с.
955 _a2
041 _arus
080 _a94(100)
260 _aМ.
_bКнига
_c1980
650 7 _a9 Географія. Біографії. Історія
_2UDC
999 _c348629
_d348629